Imagine Dragons Charting Songs (Billboard Hot Rock) - Statistics

General Stats
  • This quiz has been taken 33 times
    10 since last reset
  • The average score is 25 of 69
Answer Stats
Album Weeks On Peak Artist(s) Song % Correct
Night Visions 85 Weeks #1 Imagine Dragons Radioactive
100%
Evolve 81 Weeks #1 Imagine Dragons Thunder
100%
Non-Album Single 17 Weeks #4 Imagine Dragons + Khalid Thunder / Young Dumb & Broke (Medley)
100%
Evolve 91 Weeks #1 Imagine Dragons Believer
89%
Arcane (Soundtrack from the Animated Series) 54 Weeks #2 Imagine Dragons & JID Enemy
89%
Origins 39 Weeks #2 Imagine Dragons Bad Liar
78%
Mercury - Act 2 48 Weeks #6 Imagine Dragons Bones
78%
Night Visions 85 Weeks #2 Imagine Dragons Demons
78%
Night Visions 74 Weeks #3 Imagine Dragons It's Time
67%
Origins 55 Weeks #1 Imagine Dragons Natural
67%
Suicide Squad: The Album 46 Weeks #3 Lil Wayne, Wiz Khalifa & Imagine Dragons with Logic & Ty Dolla $ign ft. X Ambassadors Sucker for Pain
67%
Origins 12 Weeks #27 Imagine Dragons ft. Elisa Birds
56%
Loom 4 Weeks #33 Imagine Dragons Nice To Meet You
56%
Mercury - Act 2 19 Weeks #12 Imagine Dragons Sharks
56%
Smoke + Mirrors 31 Weeks #7 Imagine Dragons Shots
56%
Loom 6 Weeks #27 Imagine Dragons ft. Ado Take Me To The Beach
56%
Evolve 60 Weeks #1 Imagine Dragons Whatever It Takes
56%
Night Visions 1 Week #48 Imagine Dragons Amsterdam
44%
Loom 20 Weeks #13 Imagine Dragons Eyes Closed
44%
Smoke + Mirrors 29 Weeks #3 Imagine Dragons I Bet My Life
44%
Smoke + Mirrors 17 Weeks #14 Imagine Dragons I'm So Sorry
44%
Mercury – Act 1 1 Week #29 Imagine Dragons My Life
44%
Night Visions 64 Weeks #10 Imagine Dragons On Top of the World
44%
Night Visions 20 Weeks #34 Imagine Dragons Tiptoe
44%
Evolve 20 Weeks #6 Imagine Dragons Walking the Wire
44%
The Divergent Series: Insurgent 20 Weeks #10 Imagine Dragons Warriors
44%
Mercury – Act 1 26 Weeks #11 Imagine Dragons Wrecked
44%
Origins 1 Week #38 Imagine Dragons Cool Out
33%
Evolve 1 Week #36 Imagine Dragons Dancing in the Dark
33%
Mercury – Act 1 26 Weeks #7 Imagine Dragons Follow You
33%
Smoke + Mirrors 12 Weeks #12 Imagine Dragons Gold
33%
Infinity Blade III 10 Weeks #13 Imagine Dragons Monster
33%
Evolve 20 Weeks #7 Imagine Dragons Next to Me
33%
Evolve 20 Weeks #5 Imagine Dragons Roots
33%
Loom 2 Weeks #27 Imagine Dragons Wake Up
33%
Origins 20 Weeks #9 Imagine Dragons Zero
33%
Transformers: Age of Extinction 10 Weeks #24 Imagine Dragons Battle Cry
22%
Origins 2 Weeks #27 Imagine Dragons Boomerang
22%
Origins 1 Week #41 Imagine Dragons Bullet in a Gun
22%
Non-Album Single 1 Week #41 Imagine Dragons Children of the Sky (A Starfield Song)
22%
Smoke + Mirrors 1 Week #44 Imagine Dragons Friction
22%
Mercury - Act 2 1 Week #48 Imagine Dragons I Don't Like Myself
22%
Passengers 2 Weeks #19 Imagine Dragons Levitate
22%
Mercury – Act 1 1 Week #34 Imagine Dragons Lonely
22%
Origins 14 Weeks #17 Imagine Dragons Machine
22%
Mercury – Act 1 2 Weeks #28 Imagine Dragons Monday
22%
Evolve 1 Week #30 Imagine Dragons Mouth of the River
22%
Me Before You 3 Weeks #17 Imagine Dragons Not Today
22%
Origins 1 Week #45 Imagine Dragons Only
22%
Evolve 8 Weeks #16 Imagine Dragons Rise Up
22%
Evolve 1 Week #19 Imagine Dragons Start Over
22%
Smoke + Mirrors 1 Week #47 Imagine Dragons The Fall
22%
Non-Album Single 4 Weeks #11 Imagine Dragons ft. Lil Wayne Believer (Remix)
11%
Night Visions 20 Weeks #30 Imagine Dragons Bleeding Out
11%
Mercury – Act 1 1 Week #28 Imagine Dragons Cutthroat
11%
Smoke + Mirrors 2 Weeks #25 Imagine Dragons Dream
11%
Evolve 3 Weeks #12 Imagine Dragons I Don't Know Why
11%
Evolve 2 Weeks #17 Imagine Dragons I'll Make It Up to You
11%
Smoke + Mirrors 1 Week #41 Imagine Dragons It Comes Back to You
11%
Mercury – Act 1 2 Weeks #39 Imagine Dragons No Time for Toxic People
11%
Smoke + Mirrors 3 Weeks #22 Imagine Dragons Polaroid
11%
Continued Silence 6 Weeks #41 Imagine Dragons Round and Round
11%
Origins 1 Week #48 Imagine Dragons Stuck
11%
Origins 1 Week #28 Imagine Dragons West Coast
11%
The Hunger Games: Catching Fire 3 Weeks #22 Imagine Dragons Who We Are
11%
Evolve 1 Week #31 Imagine Dragons Yesterday
11%
Arcane League of Legends: Season 2 1 Week #44 Imagine Dragons + JID Enemy (Opening Title Version)
0%
Non-Album Single 1 Week #17 Imagine Dragons I Was Me
0%
Smoke + Mirrors 1 Week #32 Imagine Dragons Smoke + Mirrors
0%
No matching quizzes found
Score Distribution
Percent of People with Each Score
Percentile by Number Answered
Your Score History
You have not taken this quiz since the last reset